The golden road to English literature
Αποθηκεύτηκε σε:
| Κύριος συγγραφέας: | |
|---|---|
| Άλλοι συγγραφείς: | |
| Μορφή: | Βιβλίο |
| Γλώσσα: | English |
| Δημοσίευση: |
[London] :
Longmans,
[1960]
|
| Θέματα: | |
| Ετικέτες: |
Προσθήκη ετικέτας
Δεν υπάρχουν, Καταχωρήστε ετικέτα πρώτοι!
|
MARC
| LEADER | 00000cam a2200000 i 4500 | ||
|---|---|---|---|
| 001 | 1/98222 | ||
| 008 | 081126s1960 eng d | ||
| 035 | |l 10102014 | ||
| 040 | |a GR-MY-UA |b gre |e aacr | ||
| 041 | 0 | |a eng | |
| 082 | 0 | |a 428.6 |2 (22) | |
| 100 | 1 | |a Ball, W. J. |q (Wilson James) | |
| 245 | 1 | 4 | |a The golden road to English literature / |c W.J. Ball [and] G.C. Thornley |
| 260 | |a [London] : |b Longmans, |c [1960] | ||
| 300 | |a 3 τ.; |c 18 εκ. | ||
| 504 | |a Περιλαμβάνει ευρετήριο | ||
| 650 | 0 | 0 | |a Readers (Elementary) |
| 650 | 0 | 0 | |a English language |x Readers. |
| 650 | 0 | 0 | |a English language |x Study and teaching. |
| 700 | 1 | |a Thornley, G. C. |q (Granville Calland) | |
| 852 | |a INST |b RHODES |c AKA |e 20081126 |h 428.6 BAL |p 005400031324 |q 005400031324 |t BK |v τ.1: |y 0 |z τ.1 | ||
| 853 | |a INST |b RHODES |c AKA |h 428.6 BAL | ||
| 901 | |a BIBL4-2008-3 | ||
| 909 | |a Ρ |b 153657 | ||
| 970 | |a ΧΑΡΙΟΠΟΛΙΤΟΥ |b ΚΩΝΣΤΑΝΤΙΝΑ |z 2008/11/26 | ||